000
00271nam a2200121Ia 4500
005
20251222141846.0
008
251222s9999||||xx |||||||||||||| ||spa||
082
_a
302.14/J24
100
_a
Jaramillo B., Fidel
245
0
_a
Capital Social:
264
_b
CAF
942
_c
LIB
999
_c
7584
_d
7584